000 00573cam a2200193 a 4500
001 000002555
005 20200929150219.0
008 761026s1975 ve 001 f spa
040 _aDO-SdBNP
_bspa
_dBNPHU
082 _aV863.44
_bA629u
100 1 _aAntillano, Laura,
_d1950-
_98049
245 1 0 _aUn carro largo se llama tren /
_cLaura Antillano.
260 _aCaracas :
_bMonte Ávila,
_c1975.
300 _a190 p. ;
_c19 cm.
440 0 _aDonaire
_98050
650 4 _aNovela venezolana
_93962
650 4 _aLiteratura venezolana
_93816
910 _aJornada de catalogación
999 _c2391
_d2391